| 000 | 00389cam a2200157 a 4500 | ||
|---|---|---|---|
| 020 | _a0732276934 | ||
| 040 | _cDLC | ||
| 082 | 0 | 4 | _a940 HAR 2004 A101 Or. |
| 100 | 1 | _aHam, Paul. | |
| 245 | 1 | 0 | _aKokoda / |
| 260 |
_aPymble, N.S.W. : _bHarperCollins, _c2004. |
||
| 300 |
_axvii, 602 p. : _bill., maps ; _c25 cm. |
||
| 500 | _aIncludes index. | ||
| 650 | 0 | _aWorld War, 1939-1945 | |
| 942 | _cEK | ||
| 999 |
_c13498 _d13498 |
||